Elimination - NBA Players and Teams - Statistics

General Stats
  • This quiz has been taken 221 times
  • The average score is 14 of 20
Answer Stats
Group # Category % Correct
Green 19 Team that has won a title
99%
Orange 21 Team that has had a player with more than 5 all stars since 2000
90%
Blue 30 Player that has won a Finals MVP
90%
Orange 12 Has had a player win MVP since 2000
89%
Green 8 Has a negative record in the finals
88%
Blue 27 Has won Finals MVP with only one team
87%
Purple 24 Player that has been an All Star while playing for the Thunder or SuperSonics
86%
Orange 6 Has had a player win DPOY since 2000
83%
Green 4 Has been to a Finals since 2000
82%
Purple 10 Has won a title as a player
81%
Blue 18 Has only won one Finals MVP
75%
Purple 8 Had retired before the Thunder were founded
65%
Green 2 Had a guard win Finals MVP
63%
Orange 3 Has had a player win ROY since 2000
63%
Purple 3 Didn’t win their title with the SuperSonics
61%
Green 1 Has relocated more than once Detroit Pistons
48%
Blue 2 Has won a Finals MVP without ever being selected to an All NBA Team
47%
Orange 1 Is located in the North East Philadelphia 76ers
47%
Blue 1 Has won a Finals MVP without ever being an All Star Cedric Maxwell
21%
Purple 1 Won in the Finals with the Lakers Spencer Haywood
4%
No matching quizzes found
Score Distribution
Percent of People with Each Score
Percentile by Number Answered
Your Score History
You have not taken this quiz